000 00570nam a2200205Ia 4500
003 OSt
005 20230327145314.0
008 210423s2008 xx 000 0 und d
040 _cAL
041 _aeng
082 _a547.2
_223
_bKARR
100 _aKAR (Ratan Kumar).
_978456
245 _aApplication of redox and reagents in organic sysnthesis.V1.
260 _aNew Delhi
_bNew Age International
_c2008
300 _axxiii,505
365 _b495
_cINR
440 _v1
906 _a1. ; Application ; organic ; reagents ; redox ; sysnthesis.V
942 _2ddc
_cBK
999 _c154183
_d154183